000 00932nam a2200277Ia 4500
003 OSt
005 20221005105419.0
006 a|||||r|||| 00| 0
007 ta
008 221004b |||||||| |||| 00| 0 hin d
020 _a8123730616
024 _a79445
037 _cTextual
040 _aCRL
_cCRL
_bhin
041 _2hin
_ahin
082 _aO157,3M61:g, 152P0
100 _aचौधुरी, अमिताभ
245 0 _aरवि कहानी
246 _aRavi kahānī
260 _aनई दिल्ली
_bनेश्नल बुक भारत
_c2000
300 _a85पृ0
_ccm.
650 _aबंगाली साहित्य
700 _a गोस्वामी, अमर, अनु.
942 _hO157,3M61:g, 152P0
_cTEXL
_2cc
999 _c1015744
_d1015744